| 000 | 00595cam a2200193 a 4500 | ||
|---|---|---|---|
| 001 | 000002104 | ||
| 005 | 20200929145832.0 | ||
| 008 | 820120s1979 sp b 001 0 spa | ||
| 082 |
_a342.866 _bB734d |
||
| 100 | 1 |
_aBorja y Borja, Ramiro. _96760 |
|
| 245 | 1 | 0 |
_aDerecho constitucional ecuatoriano / _cRamiro Borja y Borja. |
| 260 |
_aMadrid : _bCultura Hipánica, _c[1979]. |
||
| 300 |
_a2.t ; _c22 cm. |
||
| 500 | _aLa biblioteca posee el tomo 1 | ||
| 650 | 4 |
_aDerecho constitucional _zEcuador _96761 |
|
| 910 | _aCatalogación por copia / LC | ||
| 910 | _aWM | ||
| 999 |
_a1 _n0000097 _c1962 _d1962 |
||
| 040 | _aDO-SdBNP | ||